The future of democracy in Serbia : April 3, 2008 : briefing of the Commission on Security and Cooperation in Europe.

Bibliographic Details
Corporate Author: United States. Congress. Commission on Security and Cooperation in Europe
Format: Government Document eBook
Language:English
Published: Washington : Commission on Security and Cooperation in Europe, 2012.
Subjects:
Online Access:https://purl.fdlp.gov/GPO/gpo28735

MARC

Tag First Indicator Second Indicator Subfields
LEADER 00000cam a2200000 a 4500
001 in00002781432
005 20211120170026.0
006 m o d f
007 cr mn|||||||||
008 120925s2012 dcu o f000 s eng c
035 |a (OCoLC)ocn811060951 
040 |a GPO  |c GPO  |d OCLCQ  |d GPO  |d MvI  |d UtOrBLW 
042 |a pcc 
043 |a e-rb---  |a n-us--- 
049 |a WWW 
074 |a 1089-E-01 (online) 
086 0 |a Y 4.SE 2:D 39/4 
110 1 |a United States.  |b Congress.  |b Commission on Security and Cooperation in Europe. 
245 1 4 |a The future of democracy in Serbia :  |b April 3, 2008 : briefing of the Commission on Security and Cooperation in Europe. 
264 1 |a Washington :  |b Commission on Security and Cooperation in Europe,  |c 2012. 
300 |a 1 online resource (iv, 29 pages) 
336 |a text  |b txt  |2 rdacontent 
337 |a computer  |b c  |2 rdamedia 
338 |a online resource  |b cr  |2 rdacarrier 
500 |a Title from title screen (viewed on Sept. 25, 2012). 
500 |a At head of title: 110th Congress, 2d session. 
500 |a Paper version available for sale by the Supt. of Docs., U.S. G.P.O. 
500 |a Electronic resource. 
650 0 |a Democracy  |z Serbia. 
651 0 |a Serbia  |x Politics and government  |y 2006- 
651 0 |a Serbia  |x Foreign relations  |z United States. 
651 0 |a United States  |x Foreign relations  |z Serbia. 
776 0 8 |i Print version:  |a United States. Congress. Commission on Security and Cooperation in Europe.  |t Future of democracy in Serbia  |w (OCoLC)810193062 
776 0 8 |i Microfiche:  |a United States. Congress. Commission on Security and Cooperation in Europe.  |t Future of democracy in Serbia  |w (OCoLC)824566745 
856 4 0 |u https://purl.fdlp.gov/GPO/gpo28735  |t 0 
999 |a MARS 
999 f f |s 626eb68f-9f54-394a-a009-a94b208062e0  |i 68fc446f-0758-3fd2-a2f9-a79eefded32e  |t 0 
952 f f |a Texas A&M University  |b College Station  |c Electronic Resources  |d Available Online  |t 0  |e Y 4.SE 2:D 39/4  |h Superintendent of Documents classification 
998 f f |a Y 4.SE 2:D 39/4  |t 0  |l Available Online